000
00276nam a22001217a 4500
999
_c
156595
_d
156595
082
_a
_b
245
_a
Dictionary of literary terms/
_c
by Gaganraj (ed.).
260
_a
New Delhi:
_b
Anmol,
_c
1992.
300
_a
184p.
650
_a
700
_a
Gaganraj (ed.)
942
_c
BK